000 00236 a2200097 4500
001 6048
100 _aLanglois-berthelot, R
245 _aTransformers and Generators for power systems.
260 _a
_bMacdonald
_c
090 _c4948
_d4948
942 _aNUST-CAE
_cM
_c31320
999 _c241121
_d241121